NZ All Blacks Rugby - Forwards with more than 10 test tries - Statistics

General Stats
  • This quiz has been taken 773 times
    143 since last reset
  • The average score is 10 of 18
Answer Stats
Tries Player % Correct
27 Richie McCaw
95%
26 Kieran Read
84%
23 Dane Coles
79%
28 Ardie Savea
72%
21 Codie Taylor
69%
12 Jerome Kaino
69%
12 Keven Mealamu
65%
16 Sam Cane
64%
17 Zinzan Brooke
59%
12 Sean Fitzpatrick
57%
13 Michael Jones
48%
10 Tony Woodcock
44%
14 Josh Kronfeld
37%
16 Ian Kirkpatrick
33%
10 Alan Whetton
28%
12 Taine Randell
23%
10 Kees Meeuws
19%
10 Samisoni Taukei'aho
11%
No matching quizzes found
Score Distribution
Percent of People with Each Score
Percentile by Number Answered
Your Score History
You have not taken this quiz since the last reset